| 000 | 00677nam a2200205Ia 4500 | ||
|---|---|---|---|
| 003 | OSt | ||
| 005 | 20240729105508.0 | ||
| 008 | 210210b2001 xxu||||| |||| 00| 0 eng d | ||
| 040 | _cAL | ||
| 041 | _aKannada | ||
| 082 | _aK894.9 KRAB | ||
| 100 |
_aKRASHNAPPA (G). _9136964 _dಕೃಷ್ಣಪ್ಪ (ಜಿ) |
||
| 245 |
_aBendreyavara sahityadalli stri ondu adhyayana. _bಬೇಂದ್ರೆಯವರ ಸಾಹಿತ್ಯದಲ್ಲಿ ಸ್ತ್ರೀ ಅಧ್ಯಯನ |
||
| 260 |
_aMaisuru _bShriranga Prakashana _c2001 |
||
| 300 | _axx,349 | ||
| 650 |
_aWomen Literature _9136965 |
||
| 690 |
_aKannada Criticism _9136966 |
||
| 906 | _a056932 | ||
| 942 |
_2ddc _cBK |
||
| 999 |
_c104589 _d104589 |
||